Statistics for Italy Euro 2021 Squad

Click here to take the quiz!

General Stats

  • This quiz has been taken 26 times
  • The average score is 20 of 26

Answer Stats

PositionClubPlayer% Correct
GKAC MilanGianluigi Donnarumma
100%
DFJuventusGiorgio Chiellini
100%
MFChelseaJorginho
95%
DFJuventusLeonardo Bonucci
95%
MFPSGMarco Verratti
95%
FWLazioCiro Immobile
90%
DFChelseaEmerson Palmieri
90%
FWNapoliLorenzo Insigne
90%
FWTorinoAndrea Belotti
85%
DFNapoliGiovanni Di Lorenzo
85%
MFSassuoloManuel Locatelli
85%
MFInter MilanNicolo Barella
85%
GKNapoliAlex Meret
80%
MFJuventusFederico Chiesa
80%
FWSassuoloDomenico Berardi
75%
GKTorinoSalvatore Sirigu
75%
DFInter MilanAlessandro Bastoni
70%
DFPSGAlessandro Florenzi
70%
MFJuventusFederico Bernardeschi
70%
DFLazioFrancesco Acerbi
70%
DFAS RomaLeonardo Spinazzola
70%
MFAS RomaLorenzo Pellegrini
70%
MFAS RomaBryan Cristante
60%
DFAtalantaRafael Toloi
55%
FWSassuoloGiacomo Raspadori
50%
MFInter MilanStefano Sensi
40%

Score Distribution

Percentile by Number Answered

Percent of People with Each Score

Your Score History

You have not taken this quiz